00303nam a2200121Ia 45000030006000000080041000060400015000471000027000622450043000892600020001325460012001520050017001640STCL150530s9999 xx 000 0 und d aSTCLcSTCL aPoccard Alfred, W.; Ed aChaucers canterbury tales the prologue bMacmillanc1962 aEnglish20220125170919.0